000 00322 a2200145 4500
001 175997
020 _a
040 _cMagnum
100 _aFranco, Afonso Arinos de Melo
240 1 0 _aHistoria do brasil
_lpor
245 1 0 _aHistoria do brasil
362 0 _a1899
697 _aMAGNITO: HISTORIA DO BRASIL
942 _cBK
999 _c175997
_d175997